1499 1895 1036 1769 1248 1224 1291 1168 1260 1713 1638 1560 1388 1548 1918 1702 1196 1964 1264 1883 1293 1911 1090 1599 1139 1598 1002 1560 1817 1773 1201 1151 1070 1631 1848 1847 1621 1725 1836 1061 1636 1753 1818 1029 1420 1370 1277 1019 1637 1682 1164 1625 1285 1496 1674 1095 1217 1950 1160 1671 1783 1201 1562 1406 1871 1683 1616 1820 1658 1022 1874 1642 1966 1127 1572 1706 1839 1413 1128 1600 1908 1033 1590 1424 1169 1580 1564 1135 1814 1656 1061 1739 1268 1301 1972 1395 1183 1402 1283 BCNSPRNW ULIB Ver.6.0+V

เปลี่ยนเป็นภาษาไทย

Change to English
 แสดงรายละเอียดบรรณานุกรม
  กลับหน้าหลัก

Brief Record : Get Marc (ISO 2709) : E-mail record : QR code < ปิดหน้าต่าง
LEADER : 00000nam 2200000uu 4500
001    13399121634
003     ULIB
008    121128s2550||||th 000 0 tha d
020    ^a9789747152555
060  4 ^aWS113^bม885ป
100 0  ^aแม่ปั้น
245 10 ^aปั้นสมองลูกให้เป็นอัจฉริยะ /^cแม่ปั้น
260    ^aกรุงเทพฯ :^bรักลูกบุ๊กส์,^c2550
300    ^a166 หน้า
650  7 ^aเลี้ยงลูก
650  7 ^aพัฒนาการ
945    ^p135^l0^i18152
995    ^aวิภา
999 ^a ใช้งานได้ทุกระบบ
รายการนี้ยังไม่มีแท็ก
คุณยังไม่ได้ล็อกอิน คุณสามารถมีกิจกรรมร่วมกับเว็บไซต์ได้ แต่ต้องล็อกอินก่อน ::
  ล็อกอิน

รายการสื่อสารสนเทศ

ลำดับที่ ประเภท เลขเรียก/บาร์โค้ด สถานที่ สถานะ
- ไม่พบข้อมูล -

รายการใกล้เคียง
    ผู้แต่ง [แม่ปั้น]

    หัวเรื่อง [เลี้ยงลูก]
    หัวเรื่อง [พัฒนาการ]

BibComment


ยังไม่เคยถูกคอมเมนท์

คอมเมนท์ทรัพยากรรายการนี้
  คอมเมนท์: ปั้นสมองลูกให้เป..


 Copyright 2026. Bcnsprnw @Library